00723nam a22001571 450000100060000000300080000600500170001400800410003102000150007204000320008704100130011910000350013224503510016726000300051830000170054822964CZ PrNK20260513081845.0020307s1991 xo slo  a8071180262 aABA001bczecABA001dABA0011 aslohger1 aTreben, Maria,d1907-19914aut10aLiečebné úspechy Marie Trebenovej :bListy a správy o liečebných úspechoch podľa bylinkárskej knižky Zdravie z Božej lekárne /cZ nem. orig. Maria Treben's Heilerfolge - Briefe und Berichte von Heilerfolgen mit dem Kräuterbuch Gesundheit aus der Apotheke Gottes prel. Katarína Hatalová ; Barev. il. Robert Schöller aBratislava :bIkar,c1991 a93 s. ;c4°